Statistics for Taylor Swift - Now That We Don't Talk Lyrics

Click here to take the quiz!

General Stats

  • This quiz has been taken 204 times
    (161 since last reset)
  • The average score is 259 of 282

Answer Stats

Answer% Correct
I
100%
now
100%
Now
100%
that
100%
we
100%
a
99%
do
99%
Don't
99%
don't
99%
talk
99%
the
99%
to
99%
You
99%
you
99%
be
98%
best
98%
for
98%
get
98%
It
98%
it
98%
mom
98%
my
98%
said
98%
she
98%
Was
98%
was
98%
when
98%
(Of
97%
of
97%
me
96%
your
96%
call
95%
like
95%
off
95%
(Off
95%
on
95%
On
95%
And
94%
chest)
94%
chest
94%
have
94%
I'd
94%
less
94%
more
94%
pretend
94%
What
94%
what
94%
Guess
93%
guess
93%
so
93%
friend
92%
myself
92%
rock
92%
though
92%
way
92%
who
92%
cost
91%
ever
91%
from
91%
lost)
91%
lost
91%
mega
91%
Remind
91%
acid
90%
cannot
90%
men
90%
Or
90%
part
90%
pay
90%
price
90%
Did
89%
gave
89%
I'll
89%
party
89%
say
89%
went
89%
everybody
88%
got
88%
home?
88%
important
88%
know
88%
never
88%
new
88%
think
88%
want
88%
With
88%
with?
88%
But
87%
hair
87%
heard
87%
icons
87%
long
86%
started
86%
yacht
86%
better
85%
change
85%
didn't
85%
friends
85%
grew
85%
tell
85%
you'd
85%
anxious
84%
how
84%
is
84%
thoughts
84%
you're
84%
even
82%
am
81%
looks
81%
Just
80%
just
80%
miss
80%
outside
80%
Red
80%
ways
80%
crowd
79%
has
79%
it's
79%
old
79%
this
79%
tryin'
79%
can't
78%
Sea
78%
were
78%
back
77%
only
76%
dignity
74%
lives
74%
maybe
74%
mystery
73%
chasing
72%
left
72%
left)
72%
'til
71%
had
70%
weekends
70%
faded
69%
ended
68%
into
68%
been
67%
Platonic
65%
Truth
65%
turn
65%
dinners
61%
Shared
60%
shrouded
59%
(Until
59%

Score Distribution

Percentile by Number Answered

Percent of People with Each Score

Your Score History

You have not taken this quiz since the last reset